Представление документа в формате RUSMARC

ПолеНазваниеЗначение
  Тип записи a
  Библиографический уровень m
001 Контрольный номер RU/SLIB/B/208702664
005 Дата корректировки 20201206203838.8
010 Индекс ISBN __
d Цена 0-35
101 Язык документа __
a Язык текста rus
200 Заглавие и сведения об ответственности 0_
a Заглавие Испытание Севером
b Общее обозначение материала Текст
210 Выходные данные __
a Место издания Свердловск
c Издательство Сред.-Урал. кн. изд-во
d Дата издания 1979
215 Физическое описание __
a Объем 142 с.[8] л.фотоил.
225 Серия __
a Серия Энергия века
h Номер части вып. 1
v Обозначение тома кн. 2
606 Тематические рубрики __
a Основная рубрика Краеведение
y Географическая подрубрика Россия; Тюменская область
606 Тематические рубрики __
a Основная рубрика Экономика топливной промышленности
610 Ключевые слова __
a Ключевые слова нефтяная промышленность; газовая промышленность; топливная промышленность; топливно-энергетический комплекс; трубопроводы; месторождения нефти
686 Индексы других классификаций __
2 Код системы rubbks
a Классификационный индекс К65.305.143(2Рос-4Тюм); стК65.3(2Рос-4Тюм)
700 Автор _1
a Фамилия Лутошкин
b Имя Г. Д.
4 Код отношения 070
801 Источник записи _0
a Страна RU
b Организация Муниципальное бюджетное учреждение культуры "Централизованная библиотечная система" г. Сургут (Центральная городская библиотека им. А. С. Пушкина)
g Правила каталогизации ОБ/Гудкова
801 Источник записи _1
a Страна RU
b Организация Муниципальное бюджетное учреждение культуры "Централизованная библиотечная система" г. Сургут (Центральная городская библиотека им. А. С. Пушкина)
g Правила каталогизации ОБ/Гудкова
852 Данные о местонахождении __
j Шифр хранения К65.305.143(2Рос-4Тюм)
c Каталожный индекс К65.304.13(2Рос-4Тюм)
i Авторский знак Л 86
p Инвентарный номер 67512
901 Тип документа __
t Тип документа m
903 Характеристики (МАРС) __
a Дата передачи 19980316
990 Данные о заказе (DOS) __
j Количество экземпляров (DOS) 1